01030nam a2200349Ia 4500001000900000003000500009005001700014008004100031010001100072020002200083040000900105082002100114100002200135245014500157260005300302300001500355440003200370503000800402504002800410650002400438650002200462650001500484650001300499650001500512650002000527650001800547650003100565650001300596650001400609700002900623700002800652dia_6563CHAP20230316094847.0220117s2015 xx 000 0 und d a177546 a978-1-4471-6430-2 cCHAP a665.776 R84 2015 aRuggeri, Bernardo aBioH2 & BioCH4 through anaerobic digestion : from research to full-scale applications /c Bernardo Ruggeri, Tonia Tommasi y Sara Sanfilippo aEstados Unidos de América :b Springer,c2015 axx, 218 p. aGreen energy and technology aC/e aIncluye bibliografías aAnaerobic digestion aBiocombustibles  aBiofuels  aBiogas  aBiogás  aBiohidrógeno  aBiohydrogen  aDigestión anaeróbica  aMetano  aMethane  aSanfilippo, Sara, coaut. aTommasi, Tonia, coaut.